Social Science in an Age of Change
Gorde:
| Egile nagusia: | |
|---|---|
| Formatua: | Liburua |
| Hizkuntza: | Undetermined |
| Argitaratua: |
New York
Harper and Row Publishers
1978
|
| Gaiak: | |
| Etiketak: |
Etiketa erantsi
Etiketarik gabe, Izan zaitez lehena erregistro honi etiketa jartzen!
|
| Thư viện lưu trữ: | Trung tâm Học liệu Trường Đại học Cần Thơ |
|---|
| LEADER | 00499nam a2200181Ia 4500 | ||
|---|---|---|---|
| 001 | CTU_90005 | ||
| 008 | 210402s9999 xx 000 0 und d | ||
| 082 | |a 300 | ||
| 082 | |b C152 | ||
| 100 | |a Calhoun, Donald W. | ||
| 245 | 0 | |a Social Science in an Age of Change | |
| 245 | 0 | |c Donald W. Calhoun | |
| 260 | |a New York | ||
| 260 | |b Harper and Row Publishers | ||
| 260 | |c 1978 | ||
| 650 | |a Social sciences | ||
| 904 | |i Ngọc Loan,Hải | ||
| 980 | |a Trung tâm Học liệu Trường Đại học Cần Thơ | ||